| 000 | 00910cam a2200325 a 4500 | ||
|---|---|---|---|
| 001 | 105127 | ||
| 005 | 20230410123928.0 | ||
| 008 | 060420s2006 fr b 000 0 fre | ||
| 035 | _a14367194 | ||
| 010 | _a 2006446452 | ||
| 020 | _a2350130509 | ||
| 035 | _a(FrPJT)JTL00178751 | ||
| 040 |
_aDLC _cDLC |
||
| 043 | _ae-fr--- | ||
| 050 | 1 | 4 |
_aLA 692 _bB855a 2006 |
| 082 | 0 | 0 | _a370.71044 |
| 100 | 1 |
_aBrighelli, Jean-Paul, _d1953-. |
|
| 245 | 1 | 0 |
_aA bonne ecole-- / _cJean-Paul Brighelli. |
| 260 |
_aParis : _bGawsewitch, _cc2006. |
||
| 300 |
_a290 p. ; _c20 cm. |
||
| 490 | 0 | _aCollection "Coup de gueule" | |
| 504 | _aIncludes bibliographical references. | ||
| 650 | 0 |
_aEducation _xAims and objectives _zFrance. |
|
| 650 | 0 |
_aEducational change _zFrance. |
|
| 650 | 4 |
_aEducación _zFrancia. |
|
| 923 |
_d20060425 _nB00072601 _sFrPJT |
||
| 942 |
_2lcc _cbk |
||
| 985 | _eVENDOR LOAD | ||
| 946 | _arg | ||
| 999 |
_c68338 _d68338 |
||